000 01948nam0a2200361 i 4500
001 RU\NLR\bibl\1966252
005 20260407112807.0
010 _a9785914196216
035 _a(NLR Aleph) 001955173
090 _a3749436
_c3749436
100 _a20120525d2012 u y0rusy50 ca
101 0 _arus
102 _aRU
105 _ac |||||||||
200 1 _aРусская философия в текстах
_eхрестоматия-справочник
_eучебное пособие
_fГОУ ВПО "Орл. гос. ун-т"
_g[д.ф.н., проф. Е.А. Антонов и др.
_gпод общ. ред. Л.И. Пахарь]
210 _aСанкт-Петербург
_cАлетейя
_cИсторическая книга
_d2012
215 _a526, [1] с.
_cил.
_d22
320 _aБиблиогр. в конце ст.
325 _aКопия доступна в Электрон. б-ке РНБ http://vivaldi.nlr.ru/bx000033810/view
606 _aФилософия русская
_jХрестоматии для высших учебных заведений
_91561115
_3RU\NLR\auth\66682808
686 _aЮ3(2)я73-3
702 1 _4220
_8rus
_7ca
_aАнтонов
_bЕ. А.
_f1949-
_cд-р филос. наук
_gЕвгений Алексеевич
_3RU\NLR\auth\7714945
_9124607
702 1 _aПахарь
_bЛ. И.
_4340
712 0 2 _4570
_aОрловский государственный университет им. И. С. Тургенева
_3RU\NLR\AUTH\889941274
_9377392
801 0 _aRU
_bNLR
_c20120525
_gRCR
801 1 _aRU
_bNLR
_c20120525
942 _cBOOK
980 _aNBR
981 1 3 _a(13) Документы, защищенные авторским правом
_b(13) Современная научная, научно-популярная и популярная литература